[Event "DRUGA LIGA SRBIJE-GRUPA VOJVODINA-2019."]
[Site "Kovacica"]
[Date "2019.11.03"]
[Round "3.3"]
[White "Varga, Zoltan"]
[Black "Balla, Tamas-Kristof"]
[Result "1/2-1/2"]
[WhiteElo "2424"]
[BlackElo "2348"]
[PlyCount "88"]
[EventDate "2019.11.01"]
[WhiteTeam "SK Backa Pacir"]
[BlackTeam "SK Senta Senta"]

1. e4 c5 2. Nf3 e6 3. d4 cxd4 4. Nxd4 a6 5. Nc3 Qc7 6. Qd3 Nf6 7. Qg3 Qxg3 8.
hxg3 Bb4 9. f3 d6 10. Bd2 e5 11. Nb3 Be6 12. O-O-O Nc6 13. g4 O-O-O 14. g5 Ne8
15. a3 Bxc3 16. Bxc3 f6 17. Na5 Nxa5 18. Bxa5 Rd7 19. gxf6 Nxf6 20. c4 Kb8 21.
b3 Rc8 22. Kb2 Ka7 23. Bb4 Rcd8 24. a4 h6 25. a5 Kb8 26. Bc3 Rc8 27. Be2 Rc6
28. Rd3 Kc7 29. g3 Bf7 30. Bf1 Nh5 31. Be1 Re7 32. Rh2 Nf6 33. Rc3 Nd7 34. Rd2
Nc5 35. Bf2 b6 36. axb6+ Rxb6 37. Kc2 Kc6 38. Rd1 Reb7 39. Bxc5 Kxc5 40. Ra1
Ra7 41. Ra5+ Kb4 42. Ra4+ Kc5 43. Ra5+ Kb4 44. Ra1 Kc5 1/2-1/2

[Event "DRUGA LIGA SRBIJE-GRUPA VOJVODINA-2019."]
[Site "Kovacica"]
[Date "2019.11.03"]
[Round "3.3"]
[White "Kopasz, Robert"]
[Black "Farkas, Tibor"]
[Result "0-1"]
[WhiteElo "2351"]
[BlackElo "2274"]
[PlyCount "88"]
[EventDate "2019.11.01"]
[WhiteTeam "SK Senta Senta"]
[BlackTeam "SK Backa Pacir"]

1. c4 c5 2. g3 g6 3. Bg2 Bg7 4. Nc3 Nc6 5. e3 e6 6. Nge2 Nge7 7. b3 O-O 8. Bb2
d5 9. cxd5 Nxd5 10. Na4 Bxb2 11. Nxb2 Qf6 12. Na4 b6 13. O-O Ba6 14. a3 Rad8
15. Ra2 Rd7 16. Re1 Rfd8 17. Nf4 Nxf4 18. gxf4 e5 19. fxe5 Nxe5 20. Nc3 Qh4 21.
Ne4 f5 22. Ng3 Nd3 23. Rf1 f4 24. Ne4 Ne5 25. Re1 f3 26. Bxf3 Rf7 27. Bg2 Ng4
28. h3 Nxf2 29. Nxf2 Rxf2 30. Qg4 Qxg4 31. hxg4 Rdxd2 32. Bd5+ Kf8 33. Rxd2
Rxd2 34. e4 Ke7 35. Re3 Rd3 36. Rxd3 Bxd3 37. Kf2 Kf6 38. Ke3 Bb1 39. b4 g5 40.
bxc5 bxc5 41. Bg8 h6 42. Bh7 Ke5 43. Bg6 c4 44. Bh7 c3 0-1

[Event "DRUGA LIGA SRBIJE-GRUPA VOJVODINA-2019."]
[Site "Kovacica"]
[Date "2019.11.03"]
[Round "3.3"]
[White "Nagy, Attila N"]
[Black "Vidic, Stevan"]
[Result "0-1"]
[WhiteElo "2233"]
[BlackElo "2267"]
[PlyCount "86"]
[EventDate "2019.11.01"]
[WhiteTeam "SK Senta Senta"]
[BlackTeam "SK Backa Pacir"]

1. Nf3 Nf6 2. c4 e6 3. g3 d5 4. Bg2 Be7 5. O-O O-O 6. d3 b6 7. Nc3 Bb7 8. cxd5
Nxd5 9. Qa4 Nd7 10. d4 a6 11. Rd1 Qc8 12. Nxd5 Bxd5 13. Bf4 c5 14. Ne1 Bxg2 15.
Nxg2 b5 16. Qa5 Qb7 17. dxc5 Nxc5 18. Bd6 Bxd6 19. Rxd6 Qe4 20. Qd2 Qe5 21. Qd4
Qxd4 22. Rxd4 Rfd8 23. Rad1 Rxd4 24. Rxd4 Kf8 25. Rd6 Na4 26. b4 Nc3 27. Rd2 a5
28. bxa5 Rxa5 29. Nf4 Rxa2 30. Rd8+ Ke7 31. Rb8 e5 32. Rb7+ Kf6 33. Rb6+ Kf5
34. Nh5 g6 35. Nf6 Nxe2+ 36. Kg2 Nc3 37. Nxh7 e4 38. Rf6+ Ke5 39. Rxf7 b4 40.
Rb7 e3 41. Rxb4 Rxf2+ 42. Kg1 Ne2+ 43. Kh1 Nd4 0-1

[Event "DRUGA LIGA SRBIJE-GRUPA VOJVODINA-2019."]
[Site "Kovacica"]
[Date "2019.11.03"]
[Round "3.3"]
[White "Jesenski, Tibor"]
[Black "Lorinc, Sandor"]
[Result "1-0"]
[WhiteElo "2279"]
[BlackElo "2157"]
[PlyCount "77"]
[EventDate "2019.11.01"]
[WhiteTeam "SK Backa Pacir"]
[BlackTeam "SK Senta Senta"]

1. d4 d5 2. Nf3 c6 3. c4 Nf6 4. Nbd2 Bf5 5. g3 e6 6. Bg2 Bd6 7. O-O O-O 8. b3
Nbd7 9. Bb2 Qe7 10. Ne5 Ba3 11. Bxa3 Qxa3 12. Nxd7 Nxd7 13. e4 dxe4 14. Bxe4
Bh3 15. Qh5 Bf5 16. Bxf5 Nf6 17. Bxh7+ Nxh7 18. Nf3 Rad8 19. Qe5 b5 20. Qe3 Rd6
21. Ne5 Qa6 22. Rfc1 Rfd8 23. Nf3 Qb7 24. c5 Rd5 25. a4 a6 26. axb5 cxb5 27.
Qc3 Rf5 28. c6 Qc8 29. c7 Rd6 30. Ne5 Nf6 31. Qc5 Ne8 32. Qa7 Nxc7 33. Rxc7 Qf8
34. Rac1 Rd8 35. Nc6 Ra8 36. Ne7+ Kh7 37. Qb7 Rb8 38. Qe4 g6 39. Nxf5 1-0

[Event "DRUGA LIGA SRBIJE-GRUPA VOJVODINA-2019."]
[Site "Kovacica"]
[Date "2019.11.03"]
[Round "3.3"]
[White "Simonyi, Zoltan"]
[Black "Kecskemeti, Arpad"]
[Result "1/2-1/2"]
[WhiteElo "2149"]
[BlackElo "2240"]
[PlyCount "78"]
[EventDate "2019.11.01"]
[WhiteTeam "SK Senta Senta"]
[BlackTeam "SK Backa Pacir"]

1. d4 Nf6 2. c4 g6 3. Nc3 Bg7 4. e4 d6 5. Be2 O-O 6. Nf3 Nbd7 7. Nd2 Ne8 8. Nb3
c5 9. Be3 b6 10. f3 Nc7 11. Qd2 cxd4 12. Nxd4 Nf6 13. Nd5 Bd7 14. Bg5 Ncxd5 15.
cxd5 b5 16. O-O Qb6 17. Be3 Qb7 18. Rac1 Rac8 19. Qa5 a6 20. Qd2 Rxc1 21. Rxc1
Rc8 22. Rc2 e6 23. dxe6 fxe6 24. Nb3 Rxc2 25. Qxc2 Ne8 26. Kf2 Qc8 27. Qxc8
Bxc8 28. Bd4 Bxd4+ 29. Nxd4 Kf7 30. Ke3 Bb7 31. Nc2 Nc7 32. g3 e5 33. f4 Kf6
34. Nb4 Ne6 35. Bg4 Nc5 36. Bf3 Ke6 37. Bg4+ Kf6 38. Bf3 Ke6 39. Bg4+ Kf6
1/2-1/2

[Event "DRUGA LIGA SRBIJE-GRUPA VOJVODINA-2019."]
[Site "Kovacica"]
[Date "2019.11.03"]
[Round "3.4"]
[White "Bulajic, Ratko"]
[Black "Jotic, Vladimir"]
[Result "1-0"]
[WhiteElo "2299"]
[BlackElo "2288"]
[PlyCount "76"]
[EventDate "2019.11.01"]
[WhiteTeam "Somborski SK Sombor"]
[BlackTeam "SK Polet Rastina"]

1. d4 Nf6 2. c4 e6 3. Nf3 b6 4. a3 Bb7 5. Nc3 d5 6. cxd5 exd5 7. Bf4 Bd6 8.
Bxd6 Qxd6 9. Qc2 a6 10. e3 Nbd7 11. Bd3 O-O 12. O-O Rfe8 13. Rac1 c5 14. dxc5
bxc5 15. b4 cxb4 16. axb4 Rac8 17. Qb1 d4 18. Rfd1 Bxf3 19. gxf3 Rb8 20. b5 Re5
21. f4 Rc5 22. Ne2 Ng4 23. h3 Nxf2 24. Kxf2 dxe3+ 25. Kg2 Qd5+ 26. Be4 Qh5 27.
Bf3 Qh4 28. Ng3 Rcxb5 29. Qd3 Rb2+ 30. Rc2 Nc5 31. Qe2 Rxc2 32. Qxc2 Ne6 33.
Bg4 Nxf4+ 34. Kf3 Nxh3 35. Bxh3 e2 36. Rb1 Re8 37. Qxe2 Rf8 38. Bd7 g6 1-0

[Event "DRUGA LIGA SRBIJE-GRUPA VOJVODINA-2019."]
[Site "Kovacica"]
[Date "2019.11.03"]
[Round "3.4"]
[White "Stocko, Josip"]
[Black "Tancik, Kristijan"]
[Result "0-1"]
[WhiteElo "2281"]
[BlackElo "2260"]
[PlyCount "74"]
[EventDate "2019.11.01"]
[WhiteTeam "SK Polet Rastina"]
[BlackTeam "Somborski SK Sombor"]

1. e4 c5 2. Nf3 g6 3. g3 Bg7 4. Bg2 Nc6 5. O-O e6 6. Re1 Nge7 7. c3 d5 8. exd5
Nxd5 9. Na3 O-O 10. Nc4 Qc7 11. a4 b6 12. d3 Ba6 13. Qe2 Rad8 14. Bf1 e5 15.
Qc2 Rfe8 16. Qb3 h6 17. Bd2 Kh7 18. Rad1 Bc8 19. Bg2 Be6 20. Qc2 Bf5 21. Nh4
Bg4 22. Bf3 Ndb4 23. Qb1 Bxf3 24. Nxf3 Nxd3 25. Re4 Kg8 26. Rh4 e4 27. Ne1 g5
28. Rh5 Qd7 29. Ne3 Nce5 30. Kg2 Qe6 31. Nxd3 exd3 32. f3 Nc4 33. Nxc4 Qxc4 34.
Re1 Re2+ 35. Rxe2 dxe2 36. Bxg5 Rd1 37. Qf5 Qe6 0-1

[Event "DRUGA LIGA SRBIJE-GRUPA VOJVODINA-2019."]
[Site "Kovacica"]
[Date "2019.11.03"]
[Round "3.4"]
[White "Dekic, Josip"]
[Black "Popovic, Milos T"]
[Result "1/2-1/2"]
[WhiteElo "2254"]
[BlackElo "2369"]
[PlyCount "50"]
[EventDate "2019.11.01"]
[WhiteTeam "Somborski SK Sombor"]
[BlackTeam "SK Polet Rastina"]

1. e4 c5 2. Nf3 Nc6 3. d4 cxd4 4. Nxd4 g6 5. Nc3 Bg7 6. Be3 Nf6 7. Bc4 Qa5 8.
O-O O-O 9. Bb3 d6 10. h3 Bd7 11. Re1 Rac8 12. Qd2 a6 13. Rad1 Ne5 14. Nd5 Qd8
15. Bh6 Nc4 16. Bxc4 Rxc4 17. Bxg7 Kxg7 18. Nxf6 exf6 19. b3 Rc5 20. c4 Re8 21.
Nf3 Bc6 22. Qd4 Qa5 23. Qb2 Qc7 24. Qd4 Qa5 25. Qb2 Qc7 1/2-1/2

[Event "DRUGA LIGA SRBIJE-GRUPA VOJVODINA-2019."]
[Site "Kovacica"]
[Date "2019.11.03"]
[Round "3.4"]
[White "Sljukic, Miodrag"]
[Black "Tokovic, Svetozar"]
[Result "1-0"]
[WhiteElo "2188"]
[BlackElo "2227"]
[PlyCount "123"]
[EventDate "2019.11.01"]
[WhiteTeam "SK Polet Rastina"]
[BlackTeam "Somborski SK Sombor"]

1. d4 Nf6 2. Bf4 c5 3. e3 d6 4. c3 cxd4 5. exd4 Qb6 6. Qb3 Qxb3 7. axb3 Nc6 8.
Nf3 Bg4 9. Nbd2 Nd5 10. Bg3 f6 11. h3 Bd7 12. b4 e5 13. dxe5 dxe5 14. Bc4 Nb6
15. Bb3 a5 16. Nc4 axb4 17. O-O Rxa1 18. Rxa1 Nxc4 19. Bxc4 bxc3 20. bxc3 Bc5
21. Ra8+ Nd8 22. Bd5 Bc6 23. Bxc6+ bxc6 24. Ne1 Kd7 25. Nd3 Bb6 26. Kf1 Nf7 27.
Ra2 Re8 28. f3 Nd6 29. Bf2 Bxf2 30. Kxf2 Nc8 31. Rd2 Kc7 32. Nc5 Re7 33. Rb2
Kd6 34. Ne4+ Kd5 35. Rb8 Rc7 36. Ke3 Ne7 37. Kd3 c5 38. Rd8+ Kc6 39. Kc4 Nf5
40. Rd3 Ra7 41. g4 Ra4+ 42. Kb3 Rxe4 43. fxe4 Nd6 44. Re3 Kb5 45. Re1 c4+ 46.
Kc2 Kc5 47. Kd2 Nf7 48. Ke3 Ng5 49. h4 Ne6 50. Ra1 h5 51. Kf3 hxg4+ 52. Kxg4
Nf4 53. Ra2 g6 54. Kf3 g5 55. hxg5 fxg5 56. Kg4 Ne6 57. Kf5 Nc7 58. Kxe5 Nb5
59. Rc2 Nd6 60. Rg2 Nb5 61. Rg3 Nd6 62. Rxg5 1-0

[Event "DRUGA LIGA SRBIJE-GRUPA VOJVODINA-2019."]
[Site "Kovacica"]
[Date "2019.11.03"]
[Round "3.4"]
[White "Roganovic, Nebojsa"]
[Black "Babic, Damir M"]
[Result "1/2-1/2"]
[WhiteElo "2135"]
[BlackElo "2103"]
[PlyCount "44"]
[EventDate "2019.11.01"]
[WhiteTeam "Somborski SK Sombor"]
[BlackTeam "SK Polet Rastina"]

1. e4 e5 2. Nf3 Nc6 3. Bc4 Bc5 4. d3 Nf6 5. Bb3 d6 6. c3 Ne7 7. O-O Ng6 8. d4
Bb6 9. dxe5 Nxe5 10. Nxe5 dxe5 11. Qxd8+ Kxd8 12. Nd2 Ke7 13. Nc4 Be6 14. Bg5
Bxc4 15. Bxc4 h6 16. Bh4 Rhe8 17. Rfe1 g5 18. Bg3 Kf8 19. Rad1 Rad8 20. Bd3 Nh5
21. Be2 Nxg3 22. hxg3 c6 1/2-1/2

[Event "DRUGA LIGA SRBIJE-GRUPA VOJVODINA-2019."]
[Site "Kovacica"]
[Date "2019.11.03"]
[Round "3.5"]
[White "Rogac, Srdjan"]
[Black "Pastar, Slaven"]
[Result "1/2-1/2"]
[WhiteElo "2332"]
[BlackElo "2280"]
[PlyCount "45"]
[EventDate "2019.11.01"]
[WhiteTeam "SK Mladenovo Mladenovo"]
[BlackTeam "SK Bata Cosic Opovo"]

1. d4 d5 2. Bf4 Nf6 3. e3 c5 4. c3 Nc6 5. Nd2 cxd4 6. exd4 Bf5 7. Qb3 Qc8 8.
Ngf3 e6 9. h3 Be7 10. Be2 h6 11. O-O O-O 12. Rfe1 a6 13. a4 Na5 14. Qa2 b6 15.
Ne5 Qb7 16. Nb3 Nc6 17. a5 Nxa5 18. Nxa5 bxa5 19. Nd3 Rfc8 20. Bc1 Bd8 21. Nc5
Qc6 22. Nb3 Qd6 23. Qa3 1/2-1/2

[Event "DRUGA LIGA SRBIJE-GRUPA VOJVODINA-2019."]
[Site "Kovacica"]
[Date "2019.11.03"]
[Round "3.5"]
[White "Milenkovic, Mladen"]
[Black "Grujic, Zoran"]
[Result "1-0"]
[WhiteElo "2304"]
[BlackElo "2335"]
[PlyCount "69"]
[EventDate "2019.11.01"]
[WhiteTeam "SK Bata Cosic Opovo"]
[BlackTeam "SK Mladenovo Mladenovo"]

1. e4 e5 2. Nf3 Nc6 3. d4 exd4 4. Nxd4 Bb4+ 5. c3 Bc5 6. Be3 Bb6 7. Be2 Nf6 8.
Nxc6 bxc6 9. Bxb6 axb6 10. Nd2 Qe7 11. O-O O-O 12. Re1 Re8 13. a3 d6 14. f4 Bb7
15. Bf3 Nd7 16. Nf1 Qf6 17. Qd3 Nc5 18. Rad1 g6 19. g3 Re7 20. Re3 b5 21. Rde1
Nd7 22. Qe2 Qg7 23. Nd2 Rae8 24. Nb3 Ba8 25. Na5 Nb6 26. Qd3 Qf6 27. Kg2 Qe6
28. R3e2 Nc4 29. Nxc4 bxc4 30. Qd1 c5 31. Kf2 Bc6 32. Re3 Qc8 33. e5 Bxf3 34.
exd6 Qh3 35. Rxe7 1-0

[Event "DRUGA LIGA SRBIJE-GRUPA VOJVODINA-2019."]
[Site "Kovacica"]
[Date "2019.11.03"]
[Round "3.5"]
[White "Parezanin, Darko"]
[Black "Jovanovski, Slobodan"]
[Result "0-1"]
[WhiteElo "2221"]
[BlackElo "2298"]
[PlyCount "144"]
[EventDate "2019.11.01"]
[WhiteTeam "SK Mladenovo Mladenovo"]
[BlackTeam "SK Bata Cosic Opovo"]

1. c4 c5 2. Nc3 Nc6 3. g3 g6 4. Bg2 Bg7 5. e3 Nf6 6. Nge2 d6 7. O-O Bd7 8. d4
b6 9. d5 Na5 10. b3 O-O 11. Bb2 a6 12. Qd3 Rb8 13. Rab1 b5 14. h3 Qc7 15. g4
Be8 16. f4 bxc4 17. bxc4 Nd7 18. Na4 Ne5 19. fxe5 Bxa4 20. exd6 exd6 21. Bxg7
Kxg7 22. Nc3 Rxb1 23. Rxb1 Bd7 24. Ne4 Re8 25. Qc3+ Re5 26. Rf1 Nxc4 27. Qxc4
Bb5 28. Qc3 Bxf1 29. Kxf1 h6 30. Nd2 Kg8 31. Nc4 Re7 32. Qf6 Rd7 33. Be4 Qd8
34. Qf4 Kg7 35. Ke2 Qe7 36. Bd3 Qd8 37. a4 a5 38. Kf3 Qh4 39. Kg2 Qe1 40. Qf2
Qc3 41. Qb2 Qf6 42. h4 g5 43. hxg5 hxg5 44. Qb5 Rd8 45. Qxa5 Rh8 46. Qe1 Rh4
47. Bf5 Rh8 48. a5 Qh6 49. Qa1+ Kg8 50. Qg1 Qf6 51. a6 Qc3 52. Qf1 Qb3 53. Qe2
Qa4 54. Nd2 Qa2 55. Be4 c4 56. Qf2 Qxa6 57. Qf6 c3 58. Nf3 Qe2+ 59. Kg3 c2 60.
Qxg5+ Kf8 61. Qd8+ Kg7 62. Qg5+ Kf8 63. Bxc2 Qxc2 64. Qf6 Rh1 65. Qxd6+ Kg8 66.
Qd8+ Kg7 67. Qg5+ Kf8 68. d6 Rd1 69. Qe7+ Kg8 70. e4 Qd3 71. e5 Rg1+ 72. Kf2
Rf1+ 0-1

[Event "DRUGA LIGA SRBIJE-GRUPA VOJVODINA-2019."]
[Site "Kovacica"]
[Date "2019.11.03"]
[Round "3.5"]
[White "Kovacevic, Vladimir M"]
[Black "Milojevic, Dusan"]
[Result "1/2-1/2"]
[WhiteElo "2066"]
[BlackElo "2244"]
[PlyCount "127"]
[EventDate "2019.11.01"]
[WhiteTeam "SK Mladenovo Mladenovo"]
[BlackTeam "SK Bata Cosic Opovo"]

1. e4 c5 2. Nf3 a6 3. c3 e6 4. d4 d5 5. e5 Nc6 6. a3 c4 7. Bg5 Nge7 8. Be2 h6
9. Be3 Nf5 10. O-O Bd7 11. Nbd2 b5 12. Re1 Rb8 13. Nf1 a5 14. Ng3 Be7 15. Qd2
Qb6 16. Bd1 b4 17. axb4 axb4 18. Bc2 Na5 19. Bf4 Nb3 20. Bxb3 bxc3 21. bxc3
cxb3 22. Nxf5 exf5 23. e6 Bxe6 24. Bxb8 Qxb8 25. Ne5 b2 26. Rab1 Ba3 27. Nd3
O-O 28. Nxb2 Bd6 29. h3 Qc7 30. Nd3 Rc8 31. Rb3 f4 32. Nc5 Bxc5 33. dxc5 f3 34.
g4 Qxc5 35. Qd4 Qe7 36. Qf4 Rc4 37. Qxf3 Qc7 38. Qg3 Qd7 39. Qd3 Qa7 40. Qg3
Qd7 41. Qe5 Kh7 42. Rb4 Rc8 43. Kh2 Qc6 44. Rc1 Ra8 45. Rd4 Ra2 46. Kg3 Qa6 47.
Qe3 Qa3 48. Rd2 Qxc1 49. Qd3+ g6 50. Rxa2 d4 51. Rc2 Qg1+ 52. Kf4 Bb3 53. Rd2
Qh2+ 54. Ke4 dxc3 55. Qxc3 Be6 56. Qg3 Qh1+ 57. f3 Qb1+ 58. Ke3 Qb6+ 59. Ke2
Qb3 60. Rd3 Qb6 61. Kd2 Qb2+ 62. Ke1 Qc1+ 63. Kf2 Qc2+ 64. Ke3 {...72 mvs}
1/2-1/2

[Event "DRUGA LIGA SRBIJE-GRUPA VOJVODINA-2019."]
[Site "Kovacica"]
[Date "2019.11.03"]
[Round "3.5"]
[White "Vlajkovic, Goran"]
[Black "Volarov, Damir"]
[Result "1/2-1/2"]
[WhiteElo "2175"]
[BlackElo "2076"]
[PlyCount "28"]
[EventDate "2019.11.01"]
[WhiteTeam "SK Bata Cosic Opovo"]
[BlackTeam "SK Mladenovo Mladenovo"]

1. d4 d6 2. c4 e5 3. Nf3 e4 4. Ng5 f5 5. g3 Be7 6. Nh3 Nf6 7. Bg2 O-O 8. O-O c6
9. d5 Na6 10. Nc3 Nc7 11. f3 Qe8 12. Nf2 exf3 13. exf3 cxd5 14. cxd5 Qf7
1/2-1/2

[Event "DRUGA LIGA SRBIJE-GRUPA VOJVODINA-2019."]
[Site "Kovacica"]
[Date "2019.11.03"]
[Round "3.1"]
[White "Sahin, Ozgun"]
[Black "Hart, Alexander"]
[Result "1-0"]
[WhiteElo "2258"]
[BlackElo "1952"]
[PlyCount "101"]
[EventDate "2019.11.01"]
[WhiteTeam "SK Kraljica PTT Petrovaradin"]
[BlackTeam "SK Bora Ivkov Ban. N. Selo"]

1. e4 c6 2. Ne2 d5 3. e5 c5 4. d4 Nc6 5. c3 cxd4 6. cxd4 Bf5 7. Nbc3 e6 8. Ng3
Bg6 9. Be3 Nge7 10. Be2 Nf5 11. Nxf5 Bxf5 12. O-O h5 13. Qd2 Be7 14. a3 Na5 15.
Bb5+ Kf8 16. Qd1 g5 17. Bd3 Bg6 18. f4 Nc4 19. Bc1 gxf4 20. Ne2 Bg5 21. Bxg6
fxg6 22. Bxf4 Kg7 23. Qc1 Be7 24. b3 Na5 25. Qc2 Rc8 26. Qd3 Qb6 27. Rf3 h4 28.
Bd2 Nc6 29. Be3 Qa6 30. Qd2 Bb4 31. Qb2 Be7 32. Nf4 Nd8 33. Qb1 Rh6 34. g4 Nf7
35. Nh3 g5 36. Qb2 Rg6 37. Raf1 Nh8 38. Qf2 Qxa3 39. Qd2 Qxb3 40. Bxg5 Bxg5 41.
Nxg5 Qb6 42. Qf4 Qd8 43. Nh3 Qe7 44. g5 Kg8 45. Qxh4 Rg7 46. Rf6 Ng6 47. Qg4
Rc6 48. Qh5 Qe8 49. Nf2 Rc8 50. Ng4 Ne7 51. Nh6+ 1-0

[Event "DRUGA LIGA SRBIJE-GRUPA VOJVODINA-2019."]
[Site "Kovacica"]
[Date "2019.11.03"]
[Round "3.1"]
[White "Milanovic, Stanko"]
[Black "Desnica, Vladan"]
[Result "1-0"]
[WhiteElo "2143"]
[BlackElo "2323"]
[PlyCount "67"]
[EventDate "2019.11.01"]
[WhiteTeam "SK Bora Ivkov Ban. N. Selo"]
[BlackTeam "SK Kraljica PTT Petrovaradin"]

1. e4 e5 2. d4 exd4 3. Qxd4 Nc6 4. Qe3 Nf6 5. Nc3 Bb4 6. Bd2 O-O 7. O-O-O Re8
8. Qg3 Nxe4 9. Nxe4 Rxe4 10. Bf4 d5 11. Bd3 Re8 12. Bxc7 Qf6 13. Nf3 h6 14. Kb1
Bd7 15. Bf4 Bc5 16. Rd2 Rac8 17. h4 Qe6 18. Ng5 Qe1+ 19. Rd1 Qxf2 20. Qh2 Bg4
21. Rdf1 Qd4 22. Bd2 Qe5 23. Bh7+ Kh8 24. Nxf7+ Kxh7 25. Nxe5 Rxe5 26. Qf4 h5
27. Qf7 Re2 28. Bg5 Bd4 29. c3 Ne5 30. Qxd5 Bb6 31. Re1 Rc5 32. Qxb7 Bf5+ 33.
Ka1 Rc2 34. Rxe5 1-0

[Event "DRUGA LIGA SRBIJE-GRUPA VOJVODINA-2019."]
[Site "Kovacica"]
[Date "2019.11.03"]
[Round "3.1"]
[White "Banovic, Ivan"]
[Black "Zivkovic, Milan B"]
[Result "1-0"]
[WhiteElo "2218"]
[BlackElo "2046"]
[PlyCount "120"]
[EventDate "2019.11.01"]
[WhiteTeam "SK Kraljica PTT Petrovaradin"]
[BlackTeam "SK Bora Ivkov Ban. N. Selo"]

1. d4 Nf6 2. c4 g6 3. Nc3 Bg7 4. e4 d6 5. Nf3 O-O 6. Be2 e5 7. d5 Nbd7 8. Bg5
h6 9. Bh4 Re8 10. Nd2 g5 11. Bg3 Nf8 12. O-O Ng6 13. b4 Nf4 14. c5 a5 15. a3
axb4 16. axb4 Rxa1 17. Qxa1 dxc5 18. bxc5 Bf8 19. Qa7 Qe7 20. Bb5 Bd7 21. Bxd7
Nxd7 22. c6 bxc6 23. Qxc7 cxd5 24. Bxf4 exf4 25. Nxd5 Qd6 26. Qxd7 Qxd7 27.
Nf6+ Kg7 28. Nxd7 Rd8 29. g4 Rxd7 30. Nf3 Rd3 31. Kg2 Rc3 32. Rd1 Rc2 33. Rd2
Rc4 34. Re2 f6 35. h4 Rc3 36. h5 Kf7 37. Rd2 Rc4 38. e5 Rc7 39. exf6 Kxf6 40.
Ra2 Rb7 41. Ra6+ Kg7 42. Nd4 Kh7 43. Rc6 Bg7 44. Nf5 Ra7 45. Re6 Rb7 46. Re7
Rxe7 47. Nxe7 Bf8 48. Nf5 Bc5 49. Kf3 Bb6 50. Ke2 Bc5 51. f3 Bb6 52. Kd3 Bc5
53. Ke4 Bb6 54. Kd5 Ba5 55. Ke6 Bb4 56. Kf7 Bc5 57. Ne7 Bb4 58. Nd5 Ba3 59.
Nf6+ Kh8 60. Kg6 Bf8 1-0

[Event "DRUGA LIGA SRBIJE-GRUPA VOJVODINA-2019."]
[Site "Kovacica"]
[Date "2019.11.03"]
[Round "3.1"]
[White "Biberja, Kristijan"]
[Black "Pajcin, Lav"]
[Result "1/2-1/2"]
[WhiteElo "2010"]
[BlackElo "2160"]
[PlyCount "91"]
[EventDate "2019.11.01"]
[WhiteTeam "SK Bora Ivkov Ban. N. Selo"]
[BlackTeam "SK Kraljica PTT Petrovaradin"]

1. d4 Nf6 2. c4 g6 3. Nc3 Bg7 4. e4 d6 5. Nf3 O-O 6. Be2 e5 7. dxe5 dxe5 8.
Qxd8 Rxd8 9. Bg5 Re8 10. Nd5 Nxd5 11. cxd5 c6 12. Bc4 b5 13. Bb3 a5 14. dxc6
Nxc6 15. Bd5 Bb7 16. Rc1 Rac8 17. O-O h6 18. Be3 g5 19. Rfd1 Bf8 20. h4 g4 21.
Nh2 h5 22. Bg5 Ba8 23. Nf1 Nd4 24. Ng3 Bxd5 25. exd5 f5 26. Kf1 Kf7 27. Ne2
Nxe2 28. Kxe2 Be7 29. Rxc8 Rxc8 30. d6 Bxg5 31. hxg5 Rd8 32. Rd5 Kg6 33. Rxe5
Rxd6 34. Rxb5 Kxg5 35. Rxa5 h4 36. Rc5 Re6+ 37. Kf1 Rd6 38. Rc1 Rd2 39. Rb1 Kf4
40. a4 g3 41. a5 Rxf2+ 42. Kg1 h3 43. gxh3 Kf3 44. a6 Rg2+ 45. Kh1 Rh2+ 46. Kg1
1/2-1/2

[Event "DRUGA LIGA SRBIJE-GRUPA VOJVODINA-2019."]
[Site "Kovacica"]
[Date "2019.11.03"]
[Round "3.1"]
[White "Njamcul, Dragan"]
[Black "Petrovic, Nikola V"]
[Result "0-1"]
[WhiteElo "2320"]
[BlackElo "2069"]
[PlyCount "50"]
[EventDate "2019.11.01"]
[WhiteTeam "SK Bora Ivkov Ban. N. Selo"]
[BlackTeam "SK Kraljica PTT Petrovaradin"]

1. d4 d5 2. c4 e6 3. Nc3 Be7 4. Nf3 Nf6 5. Bg5 h6 6. Bh4 O-O 7. e3 b6 8. Bd3
Bb7 9. cxd5 Nxd5 10. Bxe7 Qxe7 11. O-O Nd7 12. Nxd5 Bxd5 13. e4 Bb7 14. Rc1 c5
15. Bb1 Rfd8 16. Qe2 Rac8 17. Rfd1 cxd4 18. Nxd4 Nf6 19. Rxc8 Rxc8 20. a3 Qc5
21. b4 Qg5 22. Nf3 Qf4 23. g3 Qg4 24. Re1 Rc3 25. Kg2 Nh5 0-1

[Event "DRUGA LIGA SRBIJE-GRUPA VOJVODINA-2019."]
[Site "Kovacica"]
[Date "2019.11.03"]
[Round "3.2"]
[White "Petrusic, Velimir"]
[Black "Delchev, Aleksander"]
[Result "0-1"]
[WhiteElo "2110"]
[BlackElo "2561"]
[PlyCount "72"]
[EventDate "2019.11.01"]
[WhiteTeam "SK Sloga Indjija"]
[BlackTeam "SK Mladost Nova Pazova"]

1. d4 d6 2. Nf3 g6 3. Bg5 Bg7 4. c3 h6 5. Bh4 f5 6. e3 g5 7. Bg3 Nf6 8. Bc4 e6
9. Nbd2 Qe7 10. h4 g4 11. Ng1 Nh5 12. Ne2 Nd7 13. Qc2 Nxg3 14. Nxg3 Nf6 15.
O-O-O d5 16. Bd3 Bd7 17. Ne2 O-O-O 18. Nf4 Qf7 19. c4 Ne4 20. Bxe4 dxe4 21. Qc3
Kb8 22. Nb3 Bc8 23. h5 Rd6 24. c5 Ra6 25. a3 Rd8 26. Na5 Qe8 27. Nc4 Qb5 28.
Qb4 Qxb4 29. axb4 Ra4 30. Kc2 Rxb4 31. Kc3 Ra4 32. b4 Ra2 33. Rhf1 Bd7 34. Kb3
Ra6 35. Ne5 Bxe5 36. dxe5 Ba4+ 0-1

[Event "DRUGA LIGA SRBIJE-GRUPA VOJVODINA-2019."]
[Site "Kovacica"]
[Date "2019.11.03"]
[Round "3.2"]
[White "Vlatkovic, Sinisa"]
[Black "Mandic, Milenko"]
[Result "1-0"]
[WhiteElo "2290"]
[BlackElo "1904"]
[PlyCount "105"]
[EventDate "2019.11.01"]
[WhiteTeam "SK Mladost Nova Pazova"]
[BlackTeam "SK Sloga Indjija"]

1. d4 Nf6 2. c4 d6 3. Nf3 g6 4. Nc3 Bg7 5. g3 O-O 6. Bg2 Nc6 7. O-O e5 8. d5
Ne7 9. e4 h6 10. Bd2 Bd7 11. c5 a5 12. cxd6 cxd6 13. a4 Rc8 14. Qb3 Bg4 15. Ne1
Qd7 16. f3 Bh3 17. Nb5 Bxg2 18. Nxg2 b6 19. Ne3 Rb8 20. Rfc1 Rfc8 21. Nc4 Ne8
22. Be3 f5 23. Nxb6 Rxc1+ 24. Rxc1 Qd8 25. Nc4 fxe4 26. fxe4 Nf6 27. Qd3 Nc8
28. Bd2 Ra8 29. Kg2 h5 30. Rf1 Nd7 31. Qf3 Nc5 32. h4 Qd7 33. b3 Qg4 34. Qxg4
hxg4 35. Nxa5 Nxe4 36. Bb4 Ne7 37. Rd1 Nf5 38. Nc4 Rc8 39. Rd3 Bf8 40. a5 Nc5
41. Bxc5 Rxc5 42. a6 e4 43. Rd2 Rxb5 44. a7 Rxb3 45. a8=Q Rxg3+ 46. Kf1 e3 47.
Rg2 Rf3+ 48. Ke1 g3 49. Qe8 Kg7 50. h5 Nh4 51. Ke2 Rf2+ 52. Rxf2 exf2 53. h6+
1-0

[Event "DRUGA LIGA SRBIJE-GRUPA VOJVODINA-2019."]
[Site "Kovacica"]
[Date "2019.11.03"]
[Round "3.2"]
[White "Marceta, Dimitrije"]
[Black "Grcic, Vukasin"]
[Result "1-0"]
[WhiteElo "1766"]
[BlackElo "2125"]
[PlyCount "69"]
[EventDate "2019.11.01"]
[WhiteTeam "SK Sloga Indjija"]
[BlackTeam "SK Mladost Nova Pazova"]

1. d4 e6 2. Bf4 b6 3. e3 Bb7 4. Nf3 Nf6 5. Nbd2 Be7 6. Bd3 O-O 7. h3 Nh5 8. Bh2
f5 9. e4 fxe4 10. Bxe4 d5 11. Bd3 Nf4 12. Bxf4 Rxf4 13. Qe2 Qd6 14. g3 Rf8 15.
Ne5 Nd7 16. Nxd7 Qxd7 17. f4 c5 18. c3 cxd4 19. cxd4 Bf6 20. Nf3 Qa4 21. Rd1
Kh8 22. Bb1 Ba6 23. Qc2 Qb4+ 24. Kf2 g6 25. Rhe1 Rae8 26. h4 Re7 27. Kg2 Rc8
28. Qf2 Qd6 29. h5 Kg7 30. Ne5 g5 31. h6+ Kg8 32. Qf3 gxf4 33. Qg4+ Kh8 34.
Qxf4 Bxe5 35. Rxe5 1-0

[Event "DRUGA LIGA SRBIJE-GRUPA VOJVODINA-2019."]
[Site "Kovacica"]
[Date "2019.11.03"]
[Round "3.2"]
[White "Stankovic, Milos M"]
[Black "Parkajic, Branislav"]
[Result "1/2-1/2"]
[WhiteElo "1944"]
[BlackElo "1922"]
[PlyCount "60"]
[EventDate "2019.11.01"]
[WhiteTeam "SK Mladost Nova Pazova"]
[BlackTeam "SK Sloga Indjija"]

1. d4 d5 2. Nf3 Nf6 3. g3 g6 4. c4 c6 5. Bg2 Bg7 6. O-O O-O 7. b3 Bf5 8. Bb2 a5
9. Nc3 Ne4 10. e3 Nxc3 11. Bxc3 Be4 12. Qe2 Nd7 13. Rfc1 Qb6 14. Bh3 Bxf3 15.
Qxf3 e6 16. Qe2 Rfc8 17. Qd2 Bf8 18. c5 Qc7 19. a3 Re8 20. b4 axb4 21. axb4 b5
22. cxb6 Nxb6 23. Bf1 Na4 24. Qc2 Nxc3 25. Rxa8 Rxa8 26. Qxc3 Qb6 27. Qxc6 Qxc6
28. Rxc6 Bxb4 29. Rb6 Be7 30. Rb7 Bd6 1/2-1/2